[Event "EU-ch 22nd"]
[Site "Terme Catez"]
[Date "2022.03.28"]
[Round "2"]
[White "Stella, Andrea"]
[Black "Easwaralingam, Adesh"]
[Result "1/2-1/2"]
[WhiteElo "2444"]
[BlackElo "2069"]
[PlyCount "95"]
[EventDate "2022.03.27"]
[EventType "swiss"]
[EventRounds "11"]
[EventCountry "SLO"]
[SourceTitle "CBM 208"]
[Source "ChessBase"]
[SourceDate "2022.06.30"]
[SourceVersion "1"]
[SourceVersionDate "2022.06.30"]
[SourceQuality "1"]

1. d4 Nf6 2. c4 e6 3. g3 d5 4. Nf3 dxc4 5. Bg2 a6 6. 0-0 c5 7. dxc5 Qxd1 8. Rxd1 Nc6 9. Nbd2 c3 10. bxc3 Bxc5 11. Nb3 Be7 12. Nfd4 Bd7 13. Nxc6 Bxc6 14. Bxc6+ bxc6 15. c4 0-0 16. Bf4 a5 17. Bd6 Bxd6 18. Rxd6 Rfc8 19. Nc5 Rab8 20. Rad1 h5 21. a3 Rb2 22. R6d2 Rcb8 23. f3 Rxd2 24. Rxd2 Rb1+ 25. Kf2 Rc1 26. Nb3 Rxc4 27. Nxa5 Rc5 28. Nb7 Rd5 29. Rc2 Rb5 30. Nd6 Rb6 31. Nc4 Ra6 32. Rd2 Nd5 33. e4 Nb6 34. Nxb6 Rxb6 35. a4 Ra6 36. Ra2 Ra5 37. Ke3 Kf8 38. Kd4 Ke7 39. Kc4 c5 40. Kb3 Kd6 41. f4 Kc6 42. Kc4 Kd6 43. Ra1 Kc6 44. Ra2 Kd6 45. Ra3 Kc6 46. Ra1 Kd6 47. Rd1+ Kc6 48. Ra1 1/2-1/2

[Event "ITA-chTA 52nd"]
[Site "Montesilvano"]
[Date "2021.09.22"]
[Round "4.1"]
[White "Stella, Andrea"]
[Black "Yankelevich, Lev"]
[Result "1/2-1/2"]
[WhiteElo "2445"]
[BlackElo "2416"]
[PlyCount "79"]
[EventDate "2021.09.20"]
[EventType "team-tourn"]
[EventRounds "7"]
[EventCountry "ITA"]
[SourceTitle "CBM 204 Extra"]
[Source "ChessBase"]
[SourceDate "2021.11.30"]
[SourceVersion "1"]
[SourceVersionDate "2021.11.30"]
[SourceQuality "1"]
[WhiteTeam "WorldtradingLab"]
[BlackTeam "Fermo"]
[WhiteTeamCountry "ITA"]
[BlackTeamCountry "ITA"]

1. e4 e6 2. d4 d5 3. Nd2 c5 4. Ngf3 cxd4 5. Nxd4 Nf6 6. exd5 Nxd5 7. N2f3 Bb4+ 8. Bd2 0-0 9. Bxb4 Nxb4 10. c3 Nd5 11. Bc4 b6 12. 0-0 Bb7 13. Re1 Nc6 14. Nxc6 Bxc6 15. Ne5 Bb7 16. Qg4 Qc7 17. Bb3 Rad8 18. Bc2 h6 19. Rad1 Nf6 20. Qe2 Rxd1 21. Rxd1 Rd8 22. Rxd8+ Qxd8 23. Qd3 Qxd3 24. Bxd3 Kf8 25. f3 Ke7 26. Kf2 Ne8 27. Ke3 f6 28. Ng6+ Kd6 29. g4 Nc7 30. c4 a5 31. Nf4 g5 32. Nh5 Ke5 33. f4+ gxf4+ 34. Nxf4 f5 35. gxf5 exf5 36. h4 Ne8 37. Ng6+ Kf6 38. Nf4 Ke5 39. Ng6+ Kf6 40. Nf4 1/2-1/2